000 01288nam a2200229Ia 4500
003 Ost
005 20260507075113.0
008 260507s9999||||xx |||||||||||||| ||und||
020 _a2945201977
040 _cfsecg
041 _aara
082 _a330
100 _aعبد المجيد، محمد ابراهيم
_eمؤلف
245 0 _aآفات النخيل والتمور في العالم العربي :
_bالانتشار والتوزيع الجغرافي،الضرر والأهمية الاقتصادية،وسائل المكافحة التقليدية والمستنيرة /
_c محمد ابراهيم عبد المجيد
260 _aالقاهرة:
_bالمكتبة الأكاديمية,
_c1996
300 _a320 صفحة؛
_bإيضاحات ؛
_c25 سم
504 _aببليوغرافيا:ص.311-320؛ملحق
520 _aمقدمة عامة عن النخيل،آفات النخيل والتمور،المكافحة الكيميائية،تدخين التمور،مخلفات المبيدات في التمور،المكافحة المستنيرة لآفات النخيل والتمور،ملحق الصور الملونة،
653 _aالاقتصاد،النخيل
700 _aزيدان هندي، عبد الحميد
_eمؤلف ثانوي
942 _cكتاب
999 _c42958
_d42958